| 000 | 01459nam a2200373Ia 4500 | ||
|---|---|---|---|
| 001 | ebr10668471 | ||
| 003 | CaPaEBR | ||
| 006 | m u | ||
| 007 | cr cn||||||||| | ||
| 008 | 011105s2002 enk sb 001 0 eng d | ||
| 010 | _z 2003275761 | ||
| 020 | _z0761966323 | ||
| 020 | _z0761966331 (PBK.) | ||
| 020 | _z9780761966333 | ||
| 020 | _z9781446275818 | ||
| 040 |
_aCaPaEBR _cCaPaEBR |
||
| 035 | _a(OCoLC)738380247 | ||
| 050 | 1 | 4 |
_aT58.64 _b.Q35 2002eb |
| 082 | 0 | 4 |
_a658.4038 _223 |
| 245 | 0 | 0 |
_aQualitative research in information systems _h[electronic resource] : _ba reader / _c[edited by] Michael D. Myers and David Avison. |
| 260 |
_aLondon : _bSAGE, _c2002. |
||
| 300 | _ax, 312 p. | ||
| 490 | 0 | _aIntroducing qualitative methods | |
| 504 | _aIncludes bibliographical references (p. [275]-297) and indexes. | ||
| 533 |
_aElectronic reproduction. _bPalo Alto, Calif. : _cebrary, _d2013. _nAvailable via World Wide Web. _nAccess may be limited to ebrary affiliated libraries. |
||
| 650 | 0 |
_aManagement information systems _xResearch. |
|
| 650 | 0 |
_aInformation resources management _xResearch. |
|
| 650 | 0 |
_aQualitative research _xMethodology. |
|
| 655 | 7 |
_aElectronic books. _2local |
|
| 700 | 1 |
_aMyers, Michael D. _q(Michael David), _d1954- |
|
| 700 | 1 | _aAvison, D. E. | |
| 710 | 2 | _aebrary, Inc. | |
| 856 | 4 | 0 |
_uhttp://site.ebrary.com/lib/rucke/Doc?id=10668471 _zAn electronic book accessible through the World Wide Web; click to view |
| 999 |
_c61714 _d61714 |
||